Les 20 pays les plus riches - Mort subite - Statistiques

Statistiques générales
  • Ce quiz a été pris 117 fois
  • Le résultat moyen est 10 sur 20
Answers on the Grid
Answers color-coded by a green-red scale on the quiz's grid according to % correct below.
France
États-Unis
Chine
Bangladesh
Suisse
Suède
Argentine
Russie
Allemagne
Italie
Vatican
Autriche
Israël
Inde
Japon
Indonésie
Singapour
Malaisie
Afrique du Sud
Thaïlande
Corée du Sud
Australie
Brésil
Espagne
Pays-Bas
Belgique
Mexique
Arabie Saoudite
Irak
Iran
Pologne
Malawi
Canada
Turquie
Syrie
République Centrafricaine
Royaume-Uni
Luxembourg
 
Statistiques - réponses
Réponse % Correct
États-Unis
79%
France
78%
Royaume-Uni
74%
Russie
69%
Japon
65%
Chine
62%
Allemagne
60%
Canada
57%
Corée du Sud
50%
Arabie Saoudite
47%
Inde
44%
Italie
44%
Australie
43%
Brésil
43%
Espagne
41%
Pays-Bas
35%
Mexique
28%
Indonésie
22%
Turquie
19%
Pologne
6%
Aucun quiz correspondant
Distribution des résultats
% des personnes avec chaque résultat
Percentile par nombre de réponses
Votre historique - résultats
Vous n’avez pas pris ce quiz